| 000 | 00838nas a2200277 4500 | ||
|---|---|---|---|
| 001 | BR0704051 | ||
| 003 | BR-BrBNA | ||
| 005 | 20231205111107.0 | ||
| 007 | ta | ||
| 008 | 230509b bl.|||p| |||| 00| 00por d | ||
| 040 |
_aBR-BrBNA _bpor _cBiblioteca Nacional de Agricultura |
||
| 041 | _a(Pt) | ||
| 072 | _aQ03 | ||
| 100 | 1 | _aBrito, N.N. | |
| 100 | 1 | _aPelegrini, R.T. | |
| 100 | 1 | _aPaterniani, J.E.S. | |
| 245 | 1 | _aImportância do controle de informações da origem da carne bovina para a saúde pública | |
| 650 | _aCARNE | ||
| 650 | _aCERTIFICAÇÃO DE PRODUTO | ||
| 650 | _aRASTREABILIDADE | ||
| 650 | _aSAUDE PUBLICA | ||
| 650 | _aMERCADO EXTERNO | ||
| 773 | 0 |
_tEcossistema (Brazil) _xISSN 0100-4107 _g(Jan-Dec 2004), v. 29(1-2) p. 85-94 _wBR0704051 |
|
| 909 |
_a202311 _bLúcia _c55 _dLúcia Elande |
||
| 942 |
_2AGRIS _n0 _cANA |
||
| 999 |
_c190614 _d190614 |
||